| 000 | 01132nac a22002891u 4500 | ||
|---|---|---|---|
| 003 | EG-ScBUE | ||
| 005 | 20241030141639.0 | ||
| 008 | 241030r20042001enk f b 001 0 eng d | ||
| 020 | _a0198572212 (pbk. : acid-free paper) | ||
| 020 | _a9780198572213 | ||
| 040 |
_aEG-ScBUE _beng _erda _cEG-ScBUE _dEG-ScBUE |
||
| 082 | 0 | 4 |
_a519.2076 _bGRI _222 |
| 100 | 1 |
_aGrimmett, Geoffrey, _eauthor. |
|
| 245 | 1 | 0 |
_aOne thousand exercises in probability / _cGeoffrey R. Grimmett, statistical laboratory, University of Cambridge and David R. Stirzaker, Mathematical Institute, University of Oxford. |
| 250 | _aReprint edition. | ||
| 264 | 1 |
_aOxford ; _aNew York : _bOxford University Press, _c2004. |
|
| 300 |
_ax, 438 pages ; _c25 cm |
||
| 336 |
_2rdacontent _atext _btxt |
||
| 337 |
_aunmediated _2rdamedia _bn |
||
| 338 |
_avolume _bnc _2rdacarrier |
||
| 504 | _aIncludes bibliographical references and index. | ||
| 650 | 7 |
_aProbabilities _vProblems, exercises, etc. _2BUEsh |
|
| 650 | 7 |
_aStochastic processes _vProblems, exercises, etc. _2BUEsh |
|
| 655 | _vReading book | ||
| 700 | 1 |
_aStirzaker, David, _eauthor. |
|
| 942 |
_cBB _2ddc |
||
| 999 |
_c1277 _d1277 |
||